The murder of the Mahatma, and other cases from a judge's note-book / (Record no. 4861)
[ view plain ]
| 000 -LEADER | |
|---|---|
| fixed length control field | 01108cam a2200265 a 4500 |
| 001 - CONTROL NUMBER | |
| control field | 4861 |
| 003 - CONTROL NUMBER IDENTIFIER | |
| rucl marc code | BD-RjUL |
| 005 - DATE AND TIME OF LATEST TRANSACTION | |
| control field | 20211208233952.0 |
| 008 - FIXED-LENGTH DATA ELEMENTS--GENERAL INFORMATION | |
| fixed length control field | 131223s1963 enk 000 0deng d |
| 035 ## - SYSTEM CONTROL NUMBER | |
| System control number | (BD-RjUL) 4896 |
| 040 ## - CATALOGING SOURCE | |
| Original cataloging agency | DLC |
| Transcribing agency | DLC |
| Modifying agency | DLC |
| -- | (BD-RjUL) |
| Language of cataloging | eng |
| 041 ## - LANGUAGE CODE | |
| Language code of text/sound track or separate title | eng |
| 082 04 - DEWEY DECIMAL CLASSIFICATION NUMBER | |
| Author mark and year | KHM |
| 100 1# - MAIN ENTRY--PERSONAL NAME | |
| Personal name | Khosla, G. D. |
| Fuller form of name | (Gopal Das), |
| Dates associated with a name | 1901- |
| 9 (RLIN) | 15330 |
| 245 14 - TITLE STATEMENT | |
| Title | The murder of the Mahatma, and other cases from a judge's note-book / |
| Statement of responsibility, etc. | by G.D. Khosla ; with a foreword by Lord Evershed. |
| 260 ## - PUBLICATION, DISTRIBUTION, ETC. (IMPRINT) | |
| Place of publication, distribution, etc. | London : |
| Name of publisher, distributor, etc. | Chatto & Windus, |
| Date of publication, distribution, etc. | 1963. |
| 300 ## - PHYSICAL DESCRIPTION | |
| Pagination | xii, 245 p. ; |
| Size | 23 cm. |
| 505 0# - FORMATTED CONTENTS NOTE | |
| Formatted contents note | A hanging and a case of arson -- First information report -- A case of poisoning -- New wine and old bottles -- The evidence against Pavinder Kaur -- Imperfect alibi -- Change of identity -- Patterns of murder -- The Mukerian dacoity -- The crime of Nathuram Godse. |
| 600 10 - SUBJECT ADDED ENTRY--PERSONAL NAME | |
| Personal name | Gandhi, |
| Titles and other words associated with a name | Mahatma, |
| Dates associated with a name | 1869-1948 |
| General subdivision | Assassination. |
| 650 #0 - SUBJECT ADDED ENTRY--TOPICAL TERM | |
| Topical term or geographic name as entry element | Trials |
| Geographic subdivision | India. |
| 9 (RLIN) | 15332 |
| Topical term or geographic name as entry element | Justice, Administration of |
| Geographic subdivision | India. |
| 9 (RLIN) | 15333 |
| 942 ## - ADDED ENTRY ELEMENTS (KOHA) | |
| Source of classification or shelving scheme | Dewey Decimal Classification |
| Koha item type | Books |
| Lost status | Source of classification or shelving scheme | Damaged status | Not for loan | Collection code | Permanent Location | Current Location | Shelving location | Date acquired | Source of acquisition | Cost, normal purchase price | Total Checkouts | Full call number | Date last seen | Copy number | Koha item type |
|---|---|---|---|---|---|---|---|---|---|---|---|---|---|---|---|
| Dewey Decimal Classification | Not For Loan | Non-fiction | Central Library, University of Rajshahi | Central Library, University of Rajshahi | 11/05/1967 | Universal book agency | 22.50 | 343.1 KHM 1963 | 23/12/2013 | C-1 | Books |